书目信息 |
| 题名: |
化险为夷
|
|
| 作者: | 麦克纳布, 著 ;徐笑春 译 | |
| 分册: | ||
| 出版信息: | 海口 海南出版社 2002.07 |
|
| 页数: | 318页 | |
| 开本: | 21cm | |
| 丛书名: | SAS训练手册 | |
| 单 册: | ||
| 中图分类: | E13 | |
| 科图分类: | ||
| 主题词: | 生存--sheng cun--应用训练--基本知识 | |
| 电子资源: | ||
| ISBN: | 7-5443-0447-7 | |
| 000 | 01205nam 2200313 450 | |
| 001 | 012008247047 | |
| 005 | 20080424202353.78 | |
| 010 | @a7-5443-0447-7@dCNY20.00 | |
| 100 | @a20080424d2002 km y0chiy0120 ea | |
| 101 | 1 | @achi@ceng |
| 102 | @aCN@b460000 | |
| 105 | @aa z 000yy | |
| 106 | @ar | |
| 200 | 1 | @a化险为夷@Ahua xian wei yi@d=Handbook of survival first aid@e野外生存急救手册@f克里斯·麦克耐卜著@Fke li si·mai ke nai bo zhu@g徐笑春译@Gxu xiao chun yi@zeng |
| 210 | @a海口@c海南出版社@d2002.07 | |
| 215 | @a318页@c图@d21cm | |
| 225 | 2 | @aSAS训练手册@ASAS xun lian shou ce |
| 304 | @a著者规范汉译姓为: 麦克纳布。 | |
| 312 | @a并列题名取版权页。 | |
| 330 | @a本书是综合性的专门针对户外探险活动的生存急救实用指南,让你学习诸如诊断步骤、人工复苏和诊治休克的关键技术。书中配有150幅插图。 | |
| 410 | 1 | @12001 @aSAS训练手册 |
| 510 | 1 | @aHandbook of survival first aid@zeng |
| 517 | 1 | @a野外生存急救手册@Aye wai sheng cun ji jiu shou ce |
| 606 | 0 | @a生存@Asheng cun@x应用训练@x基本知识 |
| 690 | @aE13@v4 | |
| 701 | 1 | @a麦克纳布,@Amai ke na bu,@bC.@g(Mcnab, Chris)@4著 |
| 702 | 0 | @a徐笑春@Axu xiao chun@4译 |
| 801 | 0 | @aCN@bQSSK@c20080424 |
| 905 | @b20703451-53@dE13@eM284@f3 | |
| 化险为夷=Handbook of survival first aid:野外生存急救手册/克里斯·麦克耐卜著/徐笑春译.-海口:海南出版社,2002.07 |
| 318页:图;21cm.-(SAS训练手册) |
| 丛编说明: |
| ISBN 7-5443-0447-7:CNY20.00 |
| 本书是综合性的专门针对户外探险活动的生存急救实用指南,让你学习诸如诊断步骤、人工复苏和诊治休克的关键技术。书中配有150幅插图。 |
| ● |
| 相关链接 |
|
|
|
正题名:化险为夷
索取号:E13/M284
 
预约/预借
| 序号 | 登录号 | 条形码 | 馆藏地/架位号 | 状态 | 备注 |
| 1 | 703451 | 207034519 | 社科库509/509社科库 113排2列5层/ [索取号:E13/M284] | 在馆 | |
| 2 | 703452 | 207034528 | 社科库509/ [索取号:E13/M284] | 在馆 | |
| 3 | 703453 | 207034537 | 社科库509/509社科库 113排2列5层/ [索取号:E13/M284] | 在馆 |